Statistiques concernant Culture Générale - Série 667

Cliquez ici pour prendre le quiz!

Statistiques générales

  • Ce quiz a été pris 181 fois
  • Le résultat moyen est 8 sur 10

Statistiques - réponses

QuestionRéponse% Correct
Pour une personne habitant la France, quel point cardinal l'orient désigne-t-il ?L'est
95%
À quel pays scandinave appartient l'île du Spitzberg ?Norvège
92%
Complétez ce titre d'une pièce de William Shakespeare : "Beaucoup de bruit pour...rien
92%
Comment s'appelait le médecin français qui a donné son nom à la guillotine ?Guillotin
83%
De quel pays la caïpirinha est-elle originaire ?Brésil
79%
Quelle mer borde l'Érythrée ?La mer Rouge
75%
Dans quel département français se trouve la ville de Berck ?Pas-de-Calais
70%
Quel comédien incarne Lucky Luke dans un film de James Huth, sorti en octobre 2009 ?Jean Dujardin
66%
Complétez cette phrase d'une chanson de Stone et Charden : "L'Avventura, c'est la vie que je mène...avec toi
61%
Dans la Bible, quel saint, frère de Marthe et de Marie de Béthanie, est ressuscité par Jésus ?Lazare
40%

Distribution des résultats

Percentile par nombre de réponses

% des personnes avec chaque résultat

Votre développement - résultats

Vous n’avez pas pris ce quiz